[Event "Ekstraliga 2019"]
[Site "Katowice"]
[Date "2019.09.05"]
[Round "9.17"]
[White "Czerwonski, Aleksander"]
[Black "Kantans, Toms"]
[Result "0-1"]
[BlackElo "2490"]
[WhiteElo "2365"]
[WhiteTeam "KSz Stilon Gorzow"]
[BlackTeam "Akademia Szachowa Gliwice"]
[LiveChessVersion "1.4.8"]

1. d4 {[%clk 1:30:56]} Nf6 {[%clk 1:30:53]} 2. c4 {[%clk 1:31:23]} g6
{[%clk 1:31:17]} 3. Nc3 {[%clk 1:31:42]} d5 {[%clk 1:31:41]} 4. cxd5
{[%clk 1:31:43]} Nxd5 {[%clk 1:32:04]} 5. e4 {[%clk 1:31:20]} Nxc3
{[%clk 1:32:27]} 6. bxc3 {[%clk 1:31:44]} Bg7 {[%clk 1:32:52]} 7. Nf3
{[%clk 1:31:14]} c5 {[%clk 1:33:14]} 8. Rb1 {[%clk 1:31:01]} O-O {[%clk 1:31:12]}
9. Be2 {[%clk 1:30:39]} Nc6 {[%clk 1:28:10]} 10. d5 {[%clk 1:29:03]} Bxc3+
{[%clk 1:28:32]} 11. Bd2 {[%clk 1:29:23]} Bxd2+ {[%clk 1:28:57]} 12. Qxd2
{[%clk 1:29:50]} Na5 {[%clk 1:29:20]} 13. h4 {[%clk 1:19:46]} f6 {[%clk 1:29:13]}
14. h5 {[%clk 0:55:51]} g5 {[%clk 1:26:24]} 15. Nxg5 {[%clk 0:34:21]} e5
{[%clk 1:05:35]} 16. Nf3 {[%clk 0:32:24]} b6 {[%clk 1:05:52]} 17. g4
{[%clk 0:27:20]} Nb7 {[%clk 1:04:01]} 18. g5 {[%clk 0:23:35]} fxg5
{[%clk 0:56:23]} 19. Nxe5 {[%clk 0:13:17]} Qf6 {[%clk 0:54:24]} 20. Nf3
{[%clk 0:12:40]} h6 {[%clk 0:52:08]} 21. e5 {[%clk 0:10:16]} Qf4 {[%clk 0:52:10]}
22. e6 {[%clk 0:08:40]} Nd6 {[%clk 0:52:14]} 23. Rb3 {[%clk 0:06:35]} Bb7
{[%clk 0:50:23]} 24. Re3 {[%clk 0:06:05]} Rf5 {[%clk 0:49:24]} 25. e7
{[%clk 0:03:18]} Bxd5 {[%clk 0:45:32]} 26. Rf1 {[%clk 0:01:44]} Re8
{[%clk 0:44:40]} 27. Qc3 {[%clk 0:01:26]} Ne4 {[%clk 0:40:02]} 28. Qc2
{[%clk 0:01:53]} Rxe7 {[%clk 0:38:37]} 29. Bc4 {[%clk 0:01:33]} Bxc4
{[%clk 0:37:13]} 30. Qxc4+ {[%clk 0:02:00]} Kf8 {[%clk 0:36:32]} 31. Qd3
{[%clk 0:01:04]} Nd6 {[%clk 0:32:01]} 32. Nd2 0-1

[Event "Ekstraliga 2019"]
[Site "Katowice"]
[Date "2019.09.05"]
[Round "9.18"]
[White "Warakomska, Anna"]
[Black "Cyfka, Karina"]
[Result "1/2-1/2"]
[BlackElo "2413"]
[WhiteElo "2241"]
[WhiteTeam "Akademia Szachowa Gliwice"]
[BlackTeam "KSz Stilon Gorzow"]
[LiveChessVersion "1.4.8"]

1. e4 {[%clk 1:28:11]} e5 {[%clk 1:29:43]} 2. Nf3 {[%clk 1:28:35]} Nc6
{[%clk 1:29:28]} 3. Bb5 {[%clk 1:28:18]} a6 {[%clk 1:29:20]} 4. Ba4
{[%clk 1:28:43]} Nf6 {[%clk 1:29:09]} 5. O-O {[%clk 1:28:42]} Be7
{[%clk 1:29:19]} 6. Re1 {[%clk 1:26:34]} b5 {[%clk 1:28:11]} 7. Bb3
{[%clk 1:26:59]} d6 {[%clk 1:27:55]} 8. c3 {[%clk 1:27:19]} O-O {[%clk 1:28:17]}
9. h3 {[%clk 1:27:33]} Na5 {[%clk 1:22:57]} 10. Bc2 {[%clk 1:26:11]} c5
{[%clk 1:23:14]} 11. d4 {[%clk 1:26:28]} Qc7 {[%clk 1:21:07]} 12. Nbd2
{[%clk 1:26:13]} cxd4 {[%clk 1:18:59]} 13. cxd4 {[%clk 1:26:35]} Bb7
{[%clk 1:17:01]} 14. Nf1 {[%clk 1:23:04]} Rac8 {[%clk 1:14:47]} 15. Re2
{[%clk 1:15:10]} d5 {[%clk 1:01:41]} 16. dxe5 {[%clk 1:04:50]} Nxe4
{[%clk 1:01:12]} 17. Ng3 {[%clk 0:57:14]} Nxg3 {[%clk 0:55:08]} 18. fxg3
{[%clk 0:57:37]} d4 {[%clk 0:53:57]} 19. Kh2 {[%clk 0:50:21]} Bxf3
{[%clk 0:46:42]} 20. gxf3 {[%clk 0:50:02]} Rfd8 {[%clk 0:47:02]} 1/2-1/2

[Event "Ekstraliga 2019"]
[Site "Katowice"]
[Date "2019.09.05"]
[Round "9.19"]
[White "Harikrishna, Pentala"]
[Black "Kempinski, Robert"]
[Result "1/2-1/2"]
[BlackElo "2579"]
[WhiteElo "2738"]
[WhiteTeam "VOTUM SA Polonia Wroclaw"]
[BlackTeam "KSz Miedz Legnica"]
[LiveChessVersion "1.4.8"]

1. e4 {[%clk 1:30:56]} c5 {[%clk 1:30:46]} 2. Nf3 {[%clk 1:31:22]} e6
{[%clk 1:31:06]} 3. c3 {[%clk 1:31:05]} d5 {[%clk 1:31:12]} 4. exd5
{[%clk 1:31:09]} Qxd5 {[%clk 1:31:13]} 5. d4 {[%clk 1:31:07]} Nf6
{[%clk 1:31:26]} 6. Be2 {[%clk 1:29:06]} Be7 {[%clk 1:31:00]} 7. O-O
{[%clk 1:27:54]} O-O {[%clk 1:30:42]} 8. c4 {[%clk 1:23:01]} Qd7 {[%clk 1:28:24]}
9. Nc3 {[%clk 1:22:22]} cxd4 {[%clk 1:22:19]} 10. Qxd4 {[%clk 1:21:55]} Qxd4
{[%clk 1:20:47]} 11. Nxd4 {[%clk 1:21:43]} e5 {[%clk 1:06:55]} 12. Ndb5
{[%clk 1:19:31]} Nc6 {[%clk 1:07:20]} 13. Be3 {[%clk 1:15:46]} Bg4
{[%clk 1:06:19]} 14. f3 {[%clk 1:14:08]} Bd7 {[%clk 1:03:52]} 15. Rad1
{[%clk 1:11:35]} Rfd8 {[%clk 0:59:01]} 16. a3 {[%clk 1:06:28]} b6
{[%clk 0:53:06]} 17. b4 {[%clk 1:05:43]} Bf8 {[%clk 0:37:52]} 18. Rd2
{[%clk 0:49:06]} Be6 {[%clk 0:35:34]} 19. Rfd1 {[%clk 0:45:39]} Rxd2
{[%clk 0:34:19]} 20. Rxd2 {[%clk 0:45:59]} a5 {[%clk 0:30:45]} 21. bxa5
{[%clk 0:37:59]} Nxa5 {[%clk 0:26:49]} 22. Nd5 {[%clk 0:36:51]} Bxd5
{[%clk 0:24:12]} 23. cxd5 {[%clk 0:37:04]} Nb3 {[%clk 0:21:55]} 24. Rd3
{[%clk 0:36:29]} Nd4 {[%clk 0:17:57]} 25. Bxd4 {[%clk 0:34:46]} exd4
{[%clk 0:18:11]} 26. d6 {[%clk 0:34:49]} Ne8 {[%clk 0:18:05]} 27. Rxd4
{[%clk 0:31:46]} Nxd6 {[%clk 0:14:09]} 28. Nxd6 {[%clk 0:21:26]} Rd8
{[%clk 0:13:41]} 29. Kf1 {[%clk 0:21:27]} Rxd6 {[%clk 0:12:30]} 30. Rxd6
{[%clk 0:20:44]} Bxd6 {[%clk 0:12:46]} 31. a4 {[%clk 0:20:56]} Bxh2
{[%clk 0:12:29]} 32. g4 {[%clk 0:20:04]} Bf4 {[%clk 0:12:16]} 33. Bc4
{[%clk 0:20:14]} Kf8 {[%clk 0:12:18]} 34. Kg2 {[%clk 0:20:36]} Ke7
{[%clk 0:12:42]} 35. Bd5 {[%clk 0:20:51]} Kf6 {[%clk 0:13:06]} 36. Bc4
{[%clk 0:21:16]} Kg6 {[%clk 0:13:30]} 37. Kh3 {[%clk 0:21:22]} Bd2
{[%clk 0:12:41]} 38. Kg3 {[%clk 0:21:30]} Be1+ {[%clk 0:13:01]} 1/2-1/2

[Event "Ekstraliga 2019"]
[Site "Katowice"]
[Date "2019.09.05"]
[Round "9.20"]
[White "Shevchenko, Kirill"]
[Black "Bartel, Mateusz"]
[Result "0-1"]
[BlackElo "2612"]
[WhiteElo "2556"]
[WhiteTeam "KSz Miedz Legnica"]
[BlackTeam "VOTUM SA Polonia Wroclaw"]
[LiveChessVersion "1.4.8"]

1. d4 {[%clk 1:30:57]} d5 {[%clk 1:30:50]} 2. c4 {[%clk 1:31:12]} c6
{[%clk 1:31:14]} 3. Nc3 {[%clk 1:30:50]} dxc4 {[%clk 1:31:05]} 4. e3
{[%clk 1:24:21]} b5 {[%clk 1:31:06]} 5. a4 {[%clk 1:16:03]} b4 {[%clk 1:31:21]}
6. Nb1 {[%clk 1:01:40]} Ba6 {[%clk 1:27:02]} 7. Qc2 {[%clk 0:53:44]} e6
{[%clk 1:17:17]} 8. Nf3 {[%clk 0:46:58]} Qa5 {[%clk 0:59:57]} 9. Bd2
{[%clk 0:32:43]} Nf6 {[%clk 1:00:19]} 10. Bxc4 {[%clk 0:31:34]} Bxc4
{[%clk 1:00:41]} 11. Qxc4 {[%clk 0:32:03]} Qd5 {[%clk 1:01:03]} 12. Qxd5
{[%clk 0:27:56]} cxd5 {[%clk 1:00:07]} 13. Ne5 {[%clk 0:28:14]} Nfd7
{[%clk 0:42:46]} 14. Nd3 {[%clk 0:24:08]} Na6 {[%clk 0:40:46]} 15. Ke2
{[%clk 0:22:11]} Rc8 {[%clk 0:41:12]} 16. Rc1 {[%clk 0:19:54]} Rxc1
{[%clk 0:39:53]} 17. Bxc1 {[%clk 0:17:57]} Bd6 {[%clk 0:40:10]} 18. Nd2
{[%clk 0:18:01]} Ke7 {[%clk 0:38:54]} 19. Nb3 {[%clk 0:12:57]} Rc8
{[%clk 0:38:41]} 20. Bd2 {[%clk 0:13:23]} Nb6 {[%clk 0:39:01]} 21. h3
{[%clk 0:11:36]} Kd7 {[%clk 0:37:16]} 22. f3 {[%clk 0:10:31]} f6 {[%clk 0:37:18]}
23. e4 {[%clk 0:08:24]} Nc4 {[%clk 0:31:24]} 24. Rb1 {[%clk 0:06:31]} dxe4
{[%clk 0:23:34]} 25. fxe4 {[%clk 0:06:58]} f5 {[%clk 0:23:59]} 26. exf5
{[%clk 0:04:23]} exf5 {[%clk 0:24:03]} 27. Bf4 {[%clk 0:04:16]} Re8+
{[%clk 0:22:37]} 28. Kf2 {[%clk 0:04:19]} Re4 {[%clk 0:19:47]} 29. Bxd6
{[%clk 0:02:19]} Kxd6 {[%clk 0:20:05]} 30. Rc1 {[%clk 0:02:04]} Kd5
{[%clk 0:19:34]} 31. g3 {[%clk 0:00:55]} g5 {[%clk 0:18:47]} 32. h4
{[%clk 0:01:24]} Re3 {[%clk 0:10:13]} 33. Nbc5 {[%clk 0:01:09]} Nxc5
{[%clk 0:10:12]} 34. Nxb4+ {[%clk 0:00:57]} Kxd4 {[%clk 0:10:27]} 35. Nc6+
{[%clk 0:00:51]} Kd5 {[%clk 0:09:11]} 36. Nb4+ {[%clk 0:01:15]} Kd6
{[%clk 0:09:34]} 37. Rxc4 {[%clk 0:01:43]} Rb3 {[%clk 0:09:56]} 38. Rd4+
{[%clk 0:01:03]} Ke6 {[%clk 0:09:55]} 39. Nc6 {[%clk 0:01:05]} Rxb2+
{[%clk 0:08:27]} 40. Kg1 {[%clk 0:31:11]} g4 {[%clk 0:37:31]} 41. Rf4
{[%clk 0:19:41]} Ne4 {[%clk 0:35:01]} 42. Nd4+ {[%clk 0:11:31]} Ke5
{[%clk 0:35:12]} 43. Nc6+ {[%clk 0:11:56]} Kf6 {[%clk 0:35:12]} 44. Nxa7
{[%clk 0:11:18]} Nxg3 {[%clk 0:34:32]} 45. Rc4 {[%clk 0:10:38]} Ne2+
{[%clk 0:33:51]} 46. Kf1 {[%clk 0:09:37]} f4 {[%clk 0:33:41]} 47. Nc6
{[%clk 0:09:44]} g3 {[%clk 0:33:26]} 48. Nd4 {[%clk 0:07:15]} g2+
{[%clk 0:33:39]} 0-1

[Event "Ekstraliga 2019"]
[Site "Katowice"]
[Date "2019.09.05"]
[Round "9.22"]
[White "Simacek, Pavel"]
[Black "Gumularz, Szymon"]
[Result "1/2-1/2"]
[BlackElo "2501"]
[WhiteElo "2479"]
[WhiteTeam "KSz Miedz Legnica"]
[BlackTeam "VOTUM SA Polonia Wroclaw"]
[LiveChessVersion "1.4.8"]

1. d4 {[%clk 1:30:51]} Nf6 {[%clk 1:30:55]} 2. Nf3 {[%clk 1:31:03]} e6
{[%clk 1:31:18]} 3. c4 {[%clk 1:31:06]} d5 {[%clk 1:31:42]} 4. g3
{[%clk 1:31:26]} Bb4+ {[%clk 1:24:59]} 5. Bd2 {[%clk 1:31:36]} Be7
{[%clk 1:25:23]} 6. Bg2 {[%clk 1:31:44]} O-O {[%clk 1:25:46]} 7. Qc2
{[%clk 1:31:25]} Nbd7 {[%clk 1:23:51]} 8. O-O {[%clk 1:31:23]} c6
{[%clk 1:24:17]} 9. Bf4 {[%clk 1:29:49]} b6 {[%clk 1:12:32]} 10. Nbd2
{[%clk 1:17:11]} Nh5 {[%clk 1:09:24]} 11. cxd5 {[%clk 1:16:20]} Nxf4
{[%clk 1:06:48]} 12. gxf4 {[%clk 1:15:09]} cxd5 {[%clk 1:07:11]} 13. Rfc1
{[%clk 1:14:02]} a5 {[%clk 1:03:51]} 14. f5 {[%clk 0:58:57]} Ba6 {[%clk 0:47:46]}
15. fxe6 {[%clk 0:58:58]} fxe6 {[%clk 0:48:13]} 16. Bh3 {[%clk 0:58:22]} Rf6
{[%clk 0:42:11]} 17. Nf1 {[%clk 0:58:31]} Rc8 {[%clk 0:34:06]} 18. Qd2
{[%clk 0:58:51]} Bd6 {[%clk 0:34:19]} 19. Rxc8 {[%clk 0:50:30]} Qxc8
{[%clk 0:34:40]} 20. Ng3 {[%clk 0:50:45]} Nf8 {[%clk 0:33:33]} 21. Ne5
{[%clk 0:49:29]} Rh6 {[%clk 0:30:54]} 22. Bg4 {[%clk 0:48:17]} Qd8
{[%clk 0:28:59]} 23. Rc1 {[%clk 0:46:21]} Qh4 {[%clk 0:21:45]} 24. h3
{[%clk 0:46:02]} Bxe5 {[%clk 0:21:21]} 25. dxe5 {[%clk 0:46:26]} Rg6
{[%clk 0:21:49]} 26. Qf4 {[%clk 0:39:35]} Qe7 {[%clk 0:18:16]} 27. Rc6
{[%clk 0:37:13]} Nd7 {[%clk 0:15:26]} 28. Kh2 {[%clk 0:19:36]} h6
{[%clk 0:10:08]} 29. Rd6 {[%clk 0:16:11]} Kh8 {[%clk 0:06:54]} 30. Bh5
{[%clk 0:11:19]} Rg5 {[%clk 0:06:11]} 31. h4 {[%clk 0:10:52]} Nxe5
{[%clk 0:04:31]} 32. Rxb6 {[%clk 0:11:10]} Rxh5 {[%clk 0:04:21]} 33. Nxh5
{[%clk 0:10:32]} Bxe2 {[%clk 0:04:41]} 34. Qxe5 {[%clk 0:03:29]} Qxh4+
{[%clk 0:04:22]} 35. Kg1 {[%clk 0:03:14]} Bxh5 {[%clk 0:04:39]} 36. Qxe6
{[%clk 0:01:18]} Qg5+ {[%clk 0:03:55]} 37. Kf1 {[%clk 0:01:32]} Qc1+
{[%clk 0:04:15]} 38. Kg2 {[%clk 0:01:59]} Qg5+ {[%clk 0:02:43]} 39. Kf1
{[%clk 0:02:25]} Qc1+ {[%clk 0:02:56]} 40. Kg2 {[%clk 0:32:52]} Qg5+
{[%clk 0:31:09]} 41. Kh3 {[%clk 0:33:23]} Qf4 {[%clk 0:30:31]} 42. Qe3
{[%clk 0:23:18]} Qg4+ {[%clk 0:25:28]} 43. Kh2 {[%clk 0:23:44]} Bg6
{[%clk 0:25:29]} 44. Qg3 {[%clk 0:22:39]} Qh5+ {[%clk 0:25:11]} 45. Kg2
{[%clk 0:22:56]} Kh7 {[%clk 0:24:58]} 46. Rb7 {[%clk 0:20:56]} d4
{[%clk 0:22:00]} 47. Rd7 {[%clk 0:20:47]} d3 {[%clk 0:21:42]} 48. Qf4
{[%clk 0:18:55]} Bf5 {[%clk 0:17:32]} 49. Rd8 {[%clk 0:16:42]} Qg6+
{[%clk 0:15:30]} 50. Kh2 {[%clk 0:14:23]} Qh5+ {[%clk 0:14:12]} 51. Kg2
{[%clk 0:14:49]} Qg6+ {[%clk 0:14:39]} 52. Kh2 {[%clk 0:10:34]} Qh5+
{[%clk 0:15:04]} 53. Kg2 {[%clk 0:11:01]} 1/2-1/2

[Event "Ekstraliga 2019"]
[Site "Katowice"]
[Date "2019.09.05"]
[Round "9.23"]
[White "Wieczorek, Oskar"]
[Black "Bobras, Piotr"]
[Result "1/2-1/2"]
[BlackElo "2488"]
[WhiteElo "2497"]
[WhiteTeam "VOTUM SA Polonia Wroclaw"]
[BlackTeam "KSz Miedz Legnica"]
[LiveChessVersion "1.4.8"]

1. e4 {[%clk 1:30:56]} e5 {[%clk 1:30:53]} 2. Nf3 {[%clk 1:31:22]} Nc6
{[%clk 1:31:18]} 3. Bb5 {[%clk 1:31:14]} a6 {[%clk 1:31:42]} 4. Ba4
{[%clk 1:31:39]} Nf6 {[%clk 1:32:07]} 5. O-O {[%clk 1:31:55]} Nxe4
{[%clk 1:32:20]} 6. d4 {[%clk 1:31:26]} b5 {[%clk 1:32:37]} 7. Bb3
{[%clk 1:31:50]} d5 {[%clk 1:33:03]} 8. dxe5 {[%clk 1:31:58]} Be6
{[%clk 1:33:27]} 9. Nbd2 {[%clk 1:30:00]} Be7 {[%clk 1:32:21]} 10. c3
{[%clk 1:30:12]} O-O {[%clk 1:32:30]} 11. Re1 {[%clk 1:25:37]} Nc5
{[%clk 1:31:59]} 12. Bc2 {[%clk 1:26:03]} d4 {[%clk 1:32:06]} 13. cxd4
{[%clk 1:18:27]} Nxd4 {[%clk 1:32:22]} 14. Nxd4 {[%clk 1:18:54]} Qxd4
{[%clk 1:32:45]} 15. Qe2 {[%clk 1:14:43]} 1/2-1/2

[Event "Ekstraliga 2019"]
[Site "Katowice"]
[Date "2019.09.05"]
[Round "9.24"]
[White "Kiolbasa, Oliwia"]
[Black "Zawadzka, Jolanta"]
[Result "1/2-1/2"]
[BlackElo "2407"]
[WhiteElo "2244"]
[WhiteTeam "KSz Miedz Legnica"]
[BlackTeam "VOTUM SA Polonia Wroclaw"]
[LiveChessVersion "1.4.8"]

1. e4 {[%clk 1:30:58]} c5 {[%clk 1:30:49]} 2. Nf3 {[%clk 1:31:21]} e6
{[%clk 1:31:04]} 3. d4 {[%clk 1:31:45]} cxd4 {[%clk 1:31:29]} 4. Nxd4
{[%clk 1:32:07]} Nc6 {[%clk 1:31:55]} 5. Nc3 {[%clk 1:32:23]} Qc7
{[%clk 1:32:13]} 6. Be2 {[%clk 1:32:25]} a6 {[%clk 1:32:16]} 7. Be3
{[%clk 1:32:39]} b5 {[%clk 1:28:18]} 8. Nxc6 {[%clk 1:32:15]} Qxc6
{[%clk 1:28:14]} 9. e5 {[%clk 1:25:27]} Bb7 {[%clk 1:25:45]} 10. Bf3
{[%clk 1:24:35]} Qc7 {[%clk 1:25:40]} 11. Bxb7 {[%clk 1:23:27]} Qxb7
{[%clk 1:26:04]} 12. O-O {[%clk 1:23:48]} Ne7 {[%clk 1:19:42]} 13. Qd3
{[%clk 1:18:16]} Nf5 {[%clk 1:15:03]} 14. Ne4 {[%clk 1:17:08]} Rc8
{[%clk 1:05:46]} 15. c3 {[%clk 1:14:29]} Be7 {[%clk 1:01:28]} 16. Rad1
{[%clk 1:06:49]} O-O {[%clk 0:58:03]} 17. Rfe1 {[%clk 1:05:38]} Rfd8
{[%clk 0:51:46]} 18. Bg5 {[%clk 0:56:00]} d5 {[%clk 0:40:54]} 19. exd6
{[%clk 0:55:48]} Bxg5 {[%clk 0:40:09]} 20. Nxg5 {[%clk 0:56:05]} Rxd6
{[%clk 0:40:27]} 21. Qe4 {[%clk 0:56:11]} Rxd1 {[%clk 0:32:31]} 22. Rxd1
{[%clk 0:56:30]} Qe7 {[%clk 0:32:36]} 23. Nf3 {[%clk 0:55:53]} h6
{[%clk 0:29:55]} 24. g3 {[%clk 0:55:23]} Rd8 {[%clk 0:20:30]} 25. Rxd8+
{[%clk 0:53:10]} Qxd8 {[%clk 0:20:58]} 26. Ne5 {[%clk 0:52:21]} Qd1+
{[%clk 0:12:15]} 27. Kg2 {[%clk 0:52:20]} Nd6 {[%clk 0:07:16]} 28. Qd3
{[%clk 0:50:05]} Qxd3 {[%clk 0:07:41]} 29. Nxd3 {[%clk 0:50:27]} Kf8
{[%clk 0:07:35]} 30. Kf3 {[%clk 0:47:59]} Ke8 {[%clk 0:07:10]} 31. b3
{[%clk 0:45:44]} Nb7 {[%clk 0:05:36]} 32. Ke4 {[%clk 0:43:00]} Ke7
{[%clk 0:05:20]} 33. Kd4 {[%clk 0:39:25]} Kd6 {[%clk 0:05:18]} 34. b4
{[%clk 0:38:56]} f6 {[%clk 0:04:53]} 35. c4 {[%clk 0:39:16]} e5+ {[%clk 0:04:07]}
36. Kc3 {[%clk 0:39:36]} bxc4 {[%clk 0:03:37]} 37. Kxc4 {[%clk 0:40:04]} Kc6
{[%clk 0:03:59]} 38. a4 {[%clk 0:36:18]} Nd6+ {[%clk 0:04:24]} 39. Kc3
{[%clk 0:36:08]} Ne4+ {[%clk 0:04:23]} 40. Kc4 {[%clk 1:06:28]} Nd6+
{[%clk 0:33:30]} 41. Kc3 {[%clk 1:06:30]} Ne4+ {[%clk 0:16:39]} 42. Kc4
{[%clk 1:06:26]} 1/2-1/2

[Event "Ekstraliga 2019"]
[Site "Katowice"]
[Date "2019.09.05"]
[Round "9.25"]
[White "Duda, Jan-Krzysztof"]
[Black "Huschenbeth, Niclas"]
[Result "1/2-1/2"]
[BlackElo "2620"]
[WhiteElo "2730"]
[WhiteTeam "Wasko HETMAN GKS Katowice"]
[BlackTeam "KSz Silesia Raciborz"]
[LiveChessVersion "1.4.8"]

1. Nf3 {[%clk 1:30:56]} d5 {[%clk 1:30:56]} 2. c4 {[%clk 1:31:18]} e6
{[%clk 1:31:21]} 3. g3 {[%clk 1:31:32]} Nf6 {[%clk 1:31:34]} 4. Bg2
{[%clk 1:31:56]} dxc4 {[%clk 1:32:00]} 5. Qa4+ {[%clk 1:31:32]} c6
{[%clk 1:32:25]} 6. Qxc4 {[%clk 1:31:55]} b5 {[%clk 1:32:52]} 7. Qc2
{[%clk 1:29:06]} Bb7 {[%clk 1:33:17]} 8. O-O {[%clk 1:29:12]} Nbd7
{[%clk 1:33:42]} 9. Nc3 {[%clk 1:25:23]} a6 {[%clk 1:32:46]} 10. a4
{[%clk 1:24:13]} Rc8 {[%clk 1:33:06]} 11. d3 {[%clk 1:22:54]} Be7
{[%clk 1:32:55]} 12. e4 {[%clk 1:20:52]} O-O {[%clk 1:30:26]} 13. Rd1
{[%clk 1:19:54]} a5 {[%clk 1:24:16]} 14. h3 {[%clk 1:14:04]} b4 {[%clk 1:24:31]}
15. Nb1 {[%clk 1:14:13]} c5 {[%clk 1:23:42]} 16. Nbd2 {[%clk 1:14:14]} Nb8
{[%clk 1:21:45]} 17. Nb3 {[%clk 0:58:53]} Nc6 {[%clk 1:17:25]} 18. Be3
{[%clk 0:58:48]} Nd7 {[%clk 1:03:42]} 19. Rac1 {[%clk 0:48:14]} Nd4
{[%clk 1:00:57]} 20. Bxd4 {[%clk 0:48:35]} cxd4 {[%clk 1:01:21]} 21. Qb1
{[%clk 0:45:18]} Nc5 {[%clk 0:45:43]} 22. Nxc5 {[%clk 0:43:30]} Bxc5
{[%clk 0:44:40]} 23. Qa2 {[%clk 0:42:23]} Bd6 {[%clk 0:26:15]} 24. Rxc8
{[%clk 0:30:44]} Bxc8 {[%clk 0:26:01]} 25. e5 {[%clk 0:29:46]} Bc7
{[%clk 0:16:41]} 26. Qc4 {[%clk 0:26:54]} Bb6 {[%clk 0:16:34]} 27. Nd2
{[%clk 0:26:12]} Bd7 {[%clk 0:13:49]} 28. Bc6 {[%clk 0:25:13]} Qc7
{[%clk 0:12:36]} 29. Rc1 {[%clk 0:19:22]} Bxc6 {[%clk 0:12:41]} 30. Qxc6
{[%clk 0:19:45]} Rc8 {[%clk 0:13:03]} 31. Qxc7 {[%clk 0:15:54]} Rxc7
{[%clk 0:13:30]} 32. Nc4 {[%clk 0:16:01]} Rc5 {[%clk 0:11:59]} 33. Kg2
{[%clk 0:16:10]} Bc7 {[%clk 0:11:44]} 34. Re1 {[%clk 0:16:17]} Kf8
{[%clk 0:08:22]} 35. Kf3 {[%clk 0:16:19]} Ke7 {[%clk 0:06:16]} 36. Ke4
{[%clk 0:15:28]} f5+ {[%clk 0:04:16]} 37. exf6+ {[%clk 0:15:11]} gxf6
{[%clk 0:04:39]} 38. Kxd4 {[%clk 0:14:55]} Rd5+ {[%clk 0:04:42]} 39. Ke3
{[%clk 0:14:43]} Bb8 {[%clk 0:03:48]} 40. Ke2 {[%clk 0:42:53]} Rc5
{[%clk 0:30:45]} 41. g4 {[%clk 0:36:17]} h5 {[%clk 0:22:43]} 42. b3
{[%clk 0:35:15]} Bf4 {[%clk 0:22:02]} 43. Kf3 {[%clk 0:33:26]} Bh6
{[%clk 0:21:54]} 44. d4 {[%clk 0:33:35]} Rd5 {[%clk 0:11:37]} 45. Ne3
{[%clk 0:33:02]} hxg4+ {[%clk 0:10:10]} 46. hxg4 {[%clk 0:33:26]} Bxe3
{[%clk 0:10:38]} 47. Kxe3 {[%clk 0:33:45]} f5 {[%clk 0:06:32]} 48. g5
{[%clk 0:30:39]} f4+ {[%clk 0:06:58]} 49. Kxf4 {[%clk 0:31:00]} Rxd4+
{[%clk 0:07:27]} 50. Kg3 {[%clk 0:29:19]} Kf7 {[%clk 0:06:05]} 51. Re3
{[%clk 0:29:35]} Rd1 {[%clk 0:04:33]} 52. f4 {[%clk 0:28:08]} Rf1
{[%clk 0:04:37]} 53. Kg4 {[%clk 0:28:27]} Rf2 {[%clk 0:04:26]} 54. Rd3
{[%clk 0:28:25]} Rf1 {[%clk 0:04:31]} 55. Rf3 {[%clk 0:08:05]} Rg1+
{[%clk 0:04:40]} 56. Rg3 {[%clk 0:08:31]} Rf1 {[%clk 0:04:28]} 57. Rh3
{[%clk 0:08:57]} Rb1 {[%clk 0:04:13]} 58. Rd3 {[%clk 0:08:08]} Rf1
{[%clk 0:04:34]} 59. Rd7+ {[%clk 0:08:30]} Kg6 {[%clk 0:04:57]} 60. Re7
{[%clk 0:07:26]} Rg1+ {[%clk 0:05:23]} 61. Kf3 {[%clk 0:07:50]} Re1
{[%clk 0:05:46]} 62. Kf2 {[%clk 0:07:49]} Re4 {[%clk 0:05:56]} 63. Kg3
{[%clk 0:08:13]} Re1 {[%clk 0:04:06]} 64. Kf3 {[%clk 0:08:23]} Kh5
{[%clk 0:03:55]} 65. Ra7 {[%clk 0:05:10]} Rb1 {[%clk 0:03:56]} 66. Rxa5
{[%clk 0:05:18]} Rxb3+ {[%clk 0:04:22]} 67. Ke4 {[%clk 0:05:42]} Rb1
{[%clk 0:03:43]} 68. Rb5 {[%clk 0:04:55]} b3 {[%clk 0:03:15]} 69. Ke5
{[%clk 0:04:30]} b2 {[%clk 0:00:58]} 70. Kf6 {[%clk 0:04:37]} Rf1
{[%clk 0:01:21]} 71. Rxb2 {[%clk 0:05:00]} Rxf4+ {[%clk 0:01:50]} 72. Kg7
{[%clk 0:05:23]} Kxg5 {[%clk 0:01:54]} 73. Ra2 {[%clk 0:05:49]} Rc4
{[%clk 0:01:38]} 74. Kf7 {[%clk 0:05:59]} Rc6 {[%clk 0:01:35]} 75. Ke7
{[%clk 0:06:02]} e5 {[%clk 0:01:58]} 76. Kd7 {[%clk 0:06:30]} Ra6
{[%clk 0:02:15]} 77. Kc7 {[%clk 0:06:53]} e4 {[%clk 0:02:30]} 78. Kb7
{[%clk 0:07:06]} Rh6 {[%clk 0:01:53]} 79. a5 {[%clk 0:07:28]} e3 {[%clk 0:02:05]}
80. a6 {[%clk 0:07:48]} Kf4 {[%clk 0:02:09]} 81. a7 {[%clk 0:08:13]} Rh7+
{[%clk 0:02:27]} 82. Kc6 {[%clk 0:08:33]} Rxa7 {[%clk 0:02:35]} 83. Rxa7
{[%clk 0:08:58]} e2 {[%clk 0:03:01]} 84. Re7 {[%clk 0:09:17]} Kf3
{[%clk 0:03:26]} 85. Kd5 {[%clk 0:09:43]} Kf2 {[%clk 0:03:53]} 86. Rf7+
{[%clk 0:10:10]} Kg2 {[%clk 0:04:10]} 87. Rg7+ {[%clk 0:10:31]} Kf2
{[%clk 0:04:35]} 88. Rf7+ {[%clk 0:10:59]} Ke3 {[%clk 0:04:45]} 89. Re7+
{[%clk 0:11:12]} Kd2 {[%clk 0:05:10]} 90. Rxe2+ {[%clk 0:11:38]} Kxe2
{[%clk 0:05:37]} 1/2-1/2